[Event "Olomouc Chess Summer 2016- A Valoz Cup"]
[Site "Olomouc"]
[Date "2016.08.16"]
[Round "5.1"]
[White "Gavrilov, Alexei"]
[Black "Gurevich, Daniel"]
[Result "1/2-1/2"]
[WhiteElo "2456"]
[BlackElo "2461"]
[PlyCount "67"]
[EventDate "2016.08.13"]

1. d4 Nf6 2. c4 e6 3. Nf3 b6 4. g3 Bb7 5. Bg2 Be7 6. O-O O-O 7. Nc3 Ne4 8. Bd2
Bf6 9. Ne5 Nxc3 10. Bxc3 Bxg2 11. Kxg2 c5 12. dxc5 bxc5 13. Qd6 Be7 14. Qd3 a5
15. Rad1 d6 16. Qe4 Ra6 17. Nf3 Nd7 18. Qc2 Bf6 19. Rd3 Bxc3 20. Rxc3 Qc7 21.
Rd1 Rb8 22. Rb3 Rb4 23. Rbd3 Nf6 24. Kg1 h6 25. Nd2 Qb7 26. Rb3 Rab6 27. f3 Kf8
28. Rb1 Ke7 29. Kf2 g5 30. Rxb4 axb4 31. a3 bxa3 32. bxa3 Rxb1 33. Nxb1 g4 34.
Nc3 1/2-1/2

[Event "Olomouc Chess Summer 2016- A Valoz Cup"]
[Site "Olomouc"]
[Date "2016.08.16"]
[Round "5.2"]
[White "Plat, Vojtech"]
[Black "Camarena Gimenez, Rufino"]
[Result "1-0"]
[WhiteElo "2503"]
[BlackElo "2403"]
[PlyCount "73"]
[EventDate "2016.08.13"]

1. d4 Nf6 2. c4 g6 3. Nf3 Bg7 4. g3 O-O 5. Bg2 d6 6. O-O Nbd7 7. Nc3 e5 8. e4
c6 9. h3 exd4 10. Nxd4 Qb6 11. Nc2 Nc5 12. b4 Ncd7 13. Qxd6 Re8 14. Rb1 Ne5 15.
Ne3 Qa6 16. b5 Qa5 17. Rb3 Nh5 18. Ra3 Qd8 19. Qxd8 Rxd8 20. bxc6 bxc6 21. Rd1
Rxd1+ 22. Ncxd1 Be6 23. Nb2 g5 24. Nf5 Bf8 25. Ra5 f6 26. Bf1 Rb8 27. Nd4 Bb4
28. Rxe5 fxe5 29. Nxe6 Ba3 30. Nd3 Bxc1 31. Nxc1 h6 32. Nb3 Kf7 33. Nec5 Ng7
34. Na5 Rc8 35. Be2 Rc7 36. Bg4 h5 37. Na6 1-0

[Event "Olomouc Chess Summer 2016- A Valoz Cup"]
[Site "Olomouc"]
[Date "2016.08.16"]
[Round "5.3"]
[White "Roy, Prantik"]
[Black "Yagupov, Igor"]
[Result "1/2-1/2"]
[WhiteElo "2403"]
[BlackElo "2405"]
[PlyCount "156"]
[EventDate "2016.08.13"]

1. d4 d5 2. Nf3 Nf6 3. c4 c6 4. Qc2 dxc4 5. Qxc4 Bf5 6. g3 e6 7. Bg2 Nbd7 8.
O-O Be7 9. Nc3 O-O 10. Re1 Ne4 11. Qb3 Qb6 12. Nh4 Bxh4 13. Nxe4 Be7 14. Nc3
Qxb3 15. axb3 Bc2 16. e4 Bxb3 17. Be3 a5 18. d5 Ne5 19. dxc6 bxc6 20. Na4 Nd3
21. Re2 Bb4 22. e5 Bd5 23. Nb6 Ra6 24. Nxd5 cxd5 25. f4 Bc5 26. Bxc5 Nxc5 27.
Rc2 Nb3 28. Rd1 g6 29. Rc7 Rb6 30. Rd3 Rfb8 31. Bf3 R6b7 32. Rcc3 Rb4 33. Bd1
a4 34. Bxb3 axb3 35. Kf2 Kg7 36. Ke3 h6 37. h4 g5 38. hxg5 hxg5 39. Kf3 Kg6 40.
Kg4 gxf4 41. gxf4 f6 42. exf6 Kxf6 43. Rh3 Rg8+ 44. Kf3 Rg1 45. Rh6+ Kf5 46.
Rh5+ Kg6 47. Re5 Rf1+ 48. Kg2 Rbxf4 49. Rxe6+ Kf5 50. Re2 Rd1 51. Rxb3 Re4 52.
Kf2 Rh1 53. Rxe4 Kxe4 54. Ke2 d4 55. Kd2 Rh2+ 56. Kd1 Rg2 57. Ke1 Kd5 58. Kd1
Kc4 59. Rh3 Rxb2 60. Rg3 Rh2 61. Rf3 Kd5 62. Rg3 Ke4 63. Ra3 Rb2 64. Rh3 Ra2
65. Rg3 Kd5 66. Rg5+ Kc4 67. Rg3 Rb2 68. Rh3 Rb3 69. Rxb3 Kxb3 70. Kd2 Kc4 71.
Kc2 d3+ 72. Kd2 Kd4 73. Kd1 Ke3 74. Ke1 Kd4 75. Kd2 Ke4 76. Kd1 Ke3 77. Ke1 d2+
78. Kd1 Kd3 1/2-1/2

[Event "Olomouc Chess Summer 2016- A Valoz Cup"]
[Site "Olomouc"]
[Date "2016.08.16"]
[Round "5.4"]
[White "Neuman, Petr"]
[Black "Svoboda, Svatopluk"]
[Result "1/2-1/2"]
[WhiteElo "2454"]
[BlackElo "2453"]
[PlyCount "39"]
[EventDate "2016.08.13"]

1. Nf3 Nf6 2. c4 g6 3. Nc3 d5 4. cxd5 Nxd5 5. Qc2 Nc6 6. d4 Ndb4 7. Qa4 Bd7 8.
Qd1 e5 9. dxe5 Bf5 10. Bg5 Be7 11. e4 Bxg5 12. exf5 Nd4 13. Nxd4 Qxd4 14. Be2
Qxe5 15. O-O O-O 16. fxg6 hxg6 17. Qb3 Nc6 18. Qxb7 Nd4 19. Bc4 Bd2 20. Qd5
1/2-1/2

[Event "Olomouc Chess Summer 2016- A Valoz Cup"]
[Site "Olomouc"]
[Date "2016.08.16"]
[Round "5.5"]
[White "Plischki, Sebastian"]
[Black "Rasik, Vitezslav"]
[Result "1/2-1/2"]
[WhiteElo "2384"]
[BlackElo "2452"]
[PlyCount "36"]
[EventDate "2016.08.13"]

1. d4 d6 2. Nf3 g6 3. c4 Bg7 4. Nc3 Nf6 5. g3 O-O 6. Bg2 Nc6 7. O-O e5 8. dxe5
Nxe5 9. Nxe5 dxe5 10. Qxd8 Rxd8 11. Bg5 Rd4 12. Nd5 Nxd5 13. cxd5 e4 14. Bf4
Rxd5 15. Bxe4 Rd7 16. Rad1 c6 17. b3 Rxd1 18. Rxd1 Be6 1/2-1/2

[Event "Olomouc Chess Summer 2016-B1 Prima Pack "]
[Site "Olomouc"]
[Date "2016.08.16"]
[Round "5.1"]
[White "Gusain, Himal"]
[Black "Pogan, Nikolas"]
[Result "1/2-1/2"]
[WhiteElo "2453"]
[BlackElo "2232"]
[PlyCount "70"]
[EventDate "2016.08.13"]

1. e4 c6 2. d4 d5 3. e5 Bf5 4. h4 h5 5. Bd3 Bxd3 6. Qxd3 e6 7. Bg5 Qb6 8. Nd2
Ne7 9. Ne2 Nf5 10. c4 Bb4 11. b3 Nd7 12. a3 Bxd2+ 13. Bxd2 dxc4 14. bxc4 c5 15.
d5 Nxe5 16. Qe4 Ng6 17. Rb1 Qa6 18. dxe6 Qxe6 19. Qxe6+ fxe6 20. Rxb7 O-O 21.
Nf4 Rfb8 22. Rxb8+ Rxb8 23. O-O Nxf4 24. Bxf4 Rb3 25. Re1 Rc3 26. Rxe6 Rxc4 27.
g3 a5 28. Re5 g6 29. Re6 Nxh4 30. Bc7 Kf7 31. Ra6 Rc1+ 32. Kh2 Nf3+ 33. Kg2
Ne1+ 34. Kf1 Nc2+ 35. Ke2 Nd4+ 1/2-1/2

[Event "Olomouc Chess Summer 2016-B1 Prima Pack "]
[Site "Olomouc"]
[Date "2016.08.16"]
[Round "5.2"]
[White "Cerveny, Martin"]
[Black "Olsarova, Karolina"]
[Result "0-1"]
[WhiteElo "2380"]
[BlackElo "2258"]
[PlyCount "108"]
[EventDate "2016.08.13"]

1. d4 Nf6 2. c4 e6 3. Nc3 Bb4 4. e3 O-O 5. Nge2 Re8 6. g3 d5 7. Bg2 c6 8. cxd5
exd5 9. O-O Bf5 10. f3 h6 11. Qb3 Qe7 12. Bd2 Nbd7 13. a3 Bxc3 14. Nxc3 Nb6 15.
Rae1 Qd7 16. g4 Bg6 17. Ne2 Nc4 18. Bc1 b5 19. Nf4 Bh7 20. Qc3 a5 21. Nd3 Bxd3
22. Qxd3 a4 23. h3 Rad8 24. Qc3 Re6 25. Re2 Ne8 26. Rd1 Rd6 27. Bd2 Nxd2 28.
Qxd2 f5 29. Rc1 Nc7 30. Qd3 fxg4 31. hxg4 Na8 32. e4 dxe4 33. Rxe4 Nb6 34. Bf1
Nd5 35. Rce1 Rf8 36. Be2 Nf6 37. Rf4 Re8 38. Rd1 Rde6 39. Rd2 Qd6 40. Rf5 Qg3+
41. Kf1 Rd8 42. Rxf6 Rxf6 43. Qe4 Qf4 44. Qe7 Rfd6 45. Rd3 Qf6 46. Qe3 Qe6 47.
Qd2 Qd7 48. Qc3 Rf8 49. Ke1 Rf4 50. b3 Rfxd4 51. Re3 Qd8 52. bxa4 Qh4+ 53. Kf1
Qh1+ 54. Kf2 Qh2+ 0-1

[Event "Olomouc Chess Summer 2016-B1 Prima Pack "]
[Site "Olomouc"]
[Date "2016.08.16"]
[Round "5.3"]
[White "Mirzoeva, Elmira"]
[Black "Hoefelsauer, Thomas"]
[Result "1/2-1/2"]
[WhiteElo "2278"]
[BlackElo "2342"]
[PlyCount "60"]
[EventDate "2016.08.13"]

1. d4 Nf6 2. c4 c5 3. d5 b5 4. cxb5 a6 5. bxa6 g6 6. Nc3 Bg7 7. e4 O-O 8. Nf3
Qa5 9. Nd2 Bxa6 10. Be2 d6 11. O-O Nfd7 12. Bxa6 Nxa6 13. Nc4 Qb4 14. Qe2 Ne5
15. Nxe5 Bxe5 16. Nd1 Nc7 17. Bd2 Qb5 18. Qe1 Rfb8 19. Bc3 Bxc3 20. Qxc3 Qa4
21. Qe3 Nb5 22. b3 Qb4 23. Nb2 Qc3 24. Nc4 Qxe3 25. fxe3 Na3 26. Rfc1 Rb4 27.
e5 Ra6 28. exd6 exd6 29. Kf2 Rb8 30. Rc3 Rba8 1/2-1/2

[Event "Olomouc Chess Summer 2016-B1 Prima Pack "]
[Site "Olomouc"]
[Date "2016.08.16"]
[Round "5.4"]
[White "Wiley, Tom E"]
[Black "Strebkovs, Andrejs"]
[Result "1/2-1/2"]
[WhiteElo "2239"]
[BlackElo "2285"]
[PlyCount "88"]
[EventDate "2016.08.13"]

1. d4 Nf6 2. Bg5 c6 3. c3 d5 4. e3 g6 5. Bd3 Bg7 6. Nd2 O-O 7. Ngf3 Nbd7 8. O-O
Re8 9. e4 dxe4 10. Nxe4 Nxe4 11. Bxe4 Nf6 12. Bc2 Bg4 13. Bb3 Qa5 14. Bxf6 exf6
15. h3 Bd7 16. Re1 Qh5 17. Qd3 a5 18. Rxe8+ Rxe8 19. Re1 Rxe1+ 20. Nxe1 Qg5 21.
Qe3 Qxe3 22. fxe3 Kf8 23. a4 f5 24. Nd3 Ke7 25. Nc5 Bc8 26. Kf2 g5 27. Bc2 b6
28. Nb3 h5 29. Nd2 Be6 30. Bd3 Kd6 31. Be2 h4 32. Bc4 Bf6 33. e4 Bd8 34. exf5
Bxf5 35. Bxf7 g4 36. hxg4 Bxg4 37. Bb3 Kd7 38. Nc4 Bh5 39. Ne5+ Kc7 40. Bc2 Bg5
41. Be4 Bc1 42. Nd3 Bh6 43. Ne5 Bc1 44. Nd3 Bh6 1/2-1/2

[Event "Olomouc Chess Summer 2016-B1 Prima Pack "]
[Site "Olomouc"]
[Date "2016.08.16"]
[Round "5.5"]
[White "Bures, Jaroslav"]
[Black "Kulkarni, Bhakti"]
[Result "1-0"]
[WhiteElo "2376"]
[BlackElo "2363"]
[PlyCount "73"]
[EventDate "2016.08.13"]

1. d4 e6 2. c4 f5 3. g3 Nf6 4. Bg2 d6 5. Nc3 Be7 6. e4 fxe4 7. Nxe4 O-O 8. Nc3
Qe8 9. Nf3 e5 10. dxe5 dxe5 11. O-O Qh5 12. Nd5 Nc6 13. Nxe5 Qxe5 14. Re1 Qf5
15. Rxe7 Be6 16. Ne3 Rad8 17. Qe1 Qe5 18. Bxc6 bxc6 19. Bd2 Rxd2 20. Qxd2 Ne4
21. f4 Qf6 22. Rxe6 Qxe6 23. Qd4 g5 24. f5 Qe7 25. Rd1 Nd6 26. g4 Rd8 27. f6
Qe6 28. Nf5 h5 29. f7+ Kxf7 30. Qg7+ Ke8 31. Qxg5 Kd7 32. c5 Qe2 33. Rd2 Qe1+
34. Kg2 Rg8 35. Rxd6+ cxd6 36. Qxg8 Qe2+ 37. Kg3 1-0

[Event "Olomouc Chess Summer 2016-B2 Proclient C"]
[Site "Olomouc"]
[Date "2016.08.16"]
[Round "5.1"]
[White "Malek, Daniel"]
[Black "Chkhaidze, Nikoloz"]
[Result "1/2-1/2"]
[WhiteElo "2430"]
[BlackElo "2261"]
[PlyCount "94"]
[EventDate "2016.08.13"]

1. d4 d5 2. c4 c6 3. Nf3 Nf6 4. e3 Bg4 5. h3 Bh5 6. cxd5 cxd5 7. Nc3 Nc6 8. Qb3
Rb8 9. Ne5 e6 10. Bb5 Nd7 11. Nxd7 Qxd7 12. Bd2 Bd6 13. Rc1 O-O 14. Na4 Rfc8
15. O-O Qe7 16. a3 Qg5 17. f4 Qd8 18. Nc5 Ne7 19. Qa4 a6 20. Bd3 Bg6 21. Be2
Nf5 22. Qd7 Ng3 23. Qxd8+ Rxd8 24. Rfe1 Bxc5 25. dxc5 Nxe2+ 26. Rxe2 Rbc8 27.
b4 f6 28. Bc3 Be8 29. g4 Kf7 30. Rg2 Bc6 31. Rg3 Bb5 32. Rd1 a5 33. Rd2 axb4
34. axb4 h6 35. h4 b6 36. Bd4 bxc5 37. Bxc5 Ra8 38. Bd4 Rdc8 39. Kf2 Rc4 40.
Bc5 Ra1 41. Rg1 Rxg1 42. Kxg1 g5 43. hxg5 hxg5 44. Rd4 e5 45. fxe5 fxe5 46.
Rxd5 Rxg4+ 47. Kf2 Ke6 1/2-1/2

[Event "Olomouc Chess Summer 2016-B2 Proclient C"]
[Site "Olomouc"]
[Date "2016.08.16"]
[Round "5.2"]
[White "Nitish, Belurkar"]
[Black "Pavlov, Sergey"]
[Result "0-1"]
[WhiteElo "2269"]
[BlackElo "2473"]
[PlyCount "106"]
[EventDate "2016.08.13"]

1. e4 c5 2. c3 Nf6 3. e5 Nd5 4. d4 cxd4 5. Nf3 Nc6 6. cxd4 d6 7. Bc4 dxe5 8.
dxe5 Ndb4 9. Qxd8+ Nxd8 10. Na3 a6 11. Nd4 Ndc6 12. Nxc6 Nxc6 13. f4 Bf5 14.
Be3 e6 15. O-O g5 16. g3 gxf4 17. gxf4 Be7 18. Kf2 h5 19. Kf3 Rd8 20. Bb6 Rc8
21. Be2 Bg4+ 22. Kf2 Bxa3 23. bxa3 Bxe2 24. Kxe2 Ne7 25. Rac1 Kd7 26. Bc5 Nd5
27. Kf3 Rc6 28. Bd4 Rhc8 29. Rb1 b5 30. Ke4 Rc4 31. Kd3 Ra4 32. Rb3 Rcc4 33.
Be3 Re4 34. Bc1 Rad4+ 35. Kc2 Re2+ 36. Kb1 Rc4 37. Bb2 Rxh2 38. f5 Rf4 39.
fxe6+ Kxe6 40. Rc1 Rc4 41. Rf1 Rcc2 42. Ba1 h4 43. Rd3 Rhd2 44. Rdf3 Rc7 45.
Rh3 Rc4 46. Rfh1 Rg2 47. Bb2 Rgg4 48. Rd3 Rg3 49. Rd2 h3 50. Rdh2 Rh4 51. Rc2
Rg2 52. Rc6+ Ke7 53. Rd6 h2 0-1

[Event "Olomouc Chess Summer 2016-B2 Proclient C"]
[Site "Olomouc"]
[Date "2016.08.16"]
[Round "5.3"]
[White "Lkhamsuren, Uuganbayar"]
[Black "Klima, Lukas"]
[Result "1/2-1/2"]
[WhiteElo "2123"]
[BlackElo "2322"]
[PlyCount "67"]
[EventDate "2016.08.13"]

1. e4 d6 2. d4 g6 3. Nc3 Bg7 4. Be3 a6 5. Nf3 b5 6. a4 b4 7. Nb1 Bb7 8. Bd3 Nd7
9. O-O Ngf6 10. Nbd2 O-O 11. a5 c5 12. c3 bxc3 13. bxc3 Qc7 14. Qe2 d5 15. e5
Ne4 16. Bxe4 dxe4 17. Ng5 Bd5 18. Ngxe4 c4 19. Qg4 f5 20. exf6 exf6 21. Qf4 Qc6
22. f3 Rae8 23. Rfe1 f5 24. Ng3 Re6 25. h4 Nc5 26. dxc5 Be5 27. Qg5 Bf6 28. Qh6
Bxc3 29. Rac1 Bg7 30. Qg5 c3 31. Ndf1 Bf6 32. Qh6 Bg7 33. Qg5 Bf6 34. Qh6
1/2-1/2

[Event "Olomouc Chess Summer 2016-B2 Proclient C"]
[Site "Olomouc"]
[Date "2016.08.16"]
[Round "5.4"]
[White "Tymrakiewicz, Rafal"]
[Black "Biolek, Richard"]
[Result "1/2-1/2"]
[WhiteElo "2274"]
[BlackElo "2466"]
[PlyCount "31"]
[EventDate "2016.08.13"]

1. d4 d6 2. Nc3 g6 3. Bg5 Bg7 4. Qd2 c6 5. e4 b5 6. Nf3 h6 7. Be3 Nf6 8. a3 a6
9. Be2 Nbd7 10. Rd1 Nb6 11. e5 Nfd5 12. Nxd5 Nxd5 13. O-O Be6 14. Rfe1 Nxe3 15.
Qxe3 O-O 16. Bd3 1/2-1/2

[Event "Olomouc Chess Summer 2016-B2 Proclient C"]
[Site "Olomouc"]
[Date "2016.08.16"]
[Round "5.5"]
[White "Mager, Denis"]
[Black "Havlikova, Kristyna"]
[Result "1/2-1/2"]
[WhiteElo "2246"]
[BlackElo "2282"]
[PlyCount "35"]
[EventDate "2016.08.13"]

1. c4 Nf6 2. Nc3 g6 3. d4 d5 4. cxd5 Nxd5 5. Bd2 Bg7 6. e4 Nxc3 7. Bxc3 O-O 8.
Qd2 Nc6 9. Nf3 Bg4 10. d5 Bxf3 11. gxf3 Ne5 12. Be2 c6 13. f4 Nd7 14. Bxg7 Kxg7
15. dxc6 bxc6 16. O-O-O Nf6 17. Qxd8 Rfxd8 18. Bf3 1/2-1/2

[Event "Olomouc Chess Summer 2016-Open Olomouc"]
[Site "Olomouc"]
[Date "2016.08.16"]
[Round "5.1"]
[White "Kulkarni, Vinayak"]
[Black "Krejci, Jan"]
[Result "0-1"]
[WhiteElo "2168"]
[BlackElo "2168"]
[PlyCount "134"]
[EventDate "2016.08.13"]

1. d4 Nf6 2. c4 e6 3. Nc3 Bb4 4. e3 O-O 5. Bd3 d5 6. Nf3 b6 7. a3 Bxc3+ 8. bxc3
dxc4 9. Bxc4 c5 10. O-O Qc7 11. Bd3 Bb7 12. Re1 Be4 13. Bf1 Nc6 14. Nd2 Bg6 15.
Bb2 Rad8 16. Rc1 e5 17. Qa4 e4 18. Be2 Na5 19. c4 Bf5 20. Nf1 Nd7 21. Ng3 Bg6
22. Bf1 Rfe8 23. Ne2 f6 24. Nf4 Bf7 25. Nd5 Qb7 26. Nf4 Kh8 27. Bc3 Nc6 28. Qc2
Ne7 29. h4 Nf5 30. g3 Nd6 31. Bb2 cxd4 32. exd4 Rc8 33. Qa4 Rc7 34. Nd5 b5 35.
Qb4 Bxd5 36. cxd5 Rxc1 37. Rxc1 Qxd5 38. Rc7 Nb6 39. Qc5 Ndc4 40. Bc1 e3 41.
Bxe3 Nxe3 42. fxe3 Qf3 43. Re7 Qxg3+ 44. Bg2 Qe1+ 45. Bf1 Qg3+ 46. Bg2 Rxe7 47.
Qxe7 h6 48. h5 Qb8 49. Bc6 Nc4 50. Kg2 f5 51. e4 fxe4 52. Bxe4 a5 53. Bd5 Nd6
54. Qe6 b4 55. axb4 axb4 56. Bb3 Qf8 57. Bd5 Qd8 58. Bb3 Qg5+ 59. Kf1 Qf6+ 60.
Ke1 Qxe6+ 61. Bxe6 g5 62. hxg6 Kg7 63. Kd2 Kxg6 64. Kc2 Nb5 65. Kd3 Kf6 66. Bg4
b3 67. Bd1 b2 0-1

[Event "Olomouc Chess Summer 2016-Open Olomouc"]
[Site "Olomouc"]
[Date "2016.08.16"]
[Round "5.2"]
[White "Ulanowski, Karol"]
[Black "Ilandzis, Spyridon"]
[Result "1-0"]
[WhiteElo "2133"]
[BlackElo "2211"]
[PlyCount "42"]
[EventDate "2016.08.13"]

1. e4 c5 2. Nf3 e6 3. d4 cxd4 4. Nxd4 a6 5. Nc3 b5 6. a3 Bb7 7. Be2 Qc7 8. O-O
Nf6 9. Bf3 d6 10. Re1 Be7 11. a4 b4 12. Na2 O-O 13. Bd2 a5 14. c3 bxc3 15. Nxc3
Nbd7 16. Ncb5 Qb8 17. Nb3 Bd8 18. Bc3 Ra6 19. Qd2 Ne5 20. Rac1 Nxf3+ 21. gxf3
Nd7 22. Nxa5 Bxa5 23. Bxa5 Ne5 24. Re3 f5 25. Bc7 Qe8 26. Nxd6 Qg6+ 27. Kh1 f4
28. Rec3 Qh5 29. Qd1 Bc6 30. a5 Ra7 31. Bb6 Rd7 32. a6 Nxf3 33. Qxf3 Qxf3+ 34.
Rxf3 Rxd6 35. Bc5 Bxe4 36. Bxd6 Bxf3+ 37. Kg1 Ra8 38. Ra1 g5 39. a7 1-0

[Event "Olomouc Chess Summer 2016-Open Olomouc"]
[Site "Olomouc"]
[Date "2016.08.16"]
[Round "5.3"]
[White "Gantsooj, Ganzorig"]
[Black "Kalinowska, Zuzanna"]
[Result "0-1"]
[WhiteElo "2164"]
[BlackElo "1910"]
[PlyCount "76"]
[EventDate "2016.08.13"]

1. e4 c5 2. Nf3 e6 3. d4 cxd4 4. Nxd4 a6 5. c4 Nf6 6. Nc3 Bb4 7. Bd3 Qc7 8. O-O
Nc6 9. Nc2 Bc5 10. Kh1 d6 11. f4 Nd4 12. Nxd4 Bxd4 13. Ne2 Ba7 14. Ng3 h5 15.
Qf3 Qc5 16. Bd2 Ng4 17. Be1 Qd4 18. Ne2 Qf6 19. h3 Ne3 20. Bc3 Qh4 21. Rfe1 Ng4
22. Bd4 Bxd4 23. Nxd4 Qf2 24. Re2 Qxd4 25. Rae1 Bd7 26. c5 Qxc5 27. e5 Bc6 28.
Qg3 d5 29. a3 Rc8 30. f5 Ba4 31. Rf1 Bd7 32. fxe6 Bxe6 33. Bf5 Bxf5 34. Rxf5
Qc1+ 35. Re1 h4 36. Rff1 hxg3 37. Rxc1 Rxc1 38. Rxc1 Nf2+ 0-1

[Event "Olomouc Chess Summer 2016-Open Olomouc"]
[Site "Olomouc"]
[Date "2016.08.16"]
[Round "5.4"]
[White "Mitrandzas, Athanasios"]
[Black "Thakur, Akash"]
[Result "0-1"]
[WhiteElo "2119"]
[BlackElo "2316"]
[PlyCount "66"]
[EventDate "2016.08.13"]

1. c4 Nf6 2. g3 c6 3. Bg2 d5 4. Nf3 Bg4 5. Ne5 Be6 6. cxd5 Bxd5 7. Nf3 c5 8.
Nc3 Bc6 9. O-O e6 10. d3 Be7 11. e4 Nbd7 12. Qe2 e5 13. Nh4 O-O 14. Nf5 Re8 15.
a4 Bf8 16. f4 exf4 17. gxf4 g6 18. Ng3 Nb8 19. f5 Bg7 20. Be3 Nbd7 21. Rad1 Qc7
22. Rf2 a6 23. d4 cxd4 24. Bxd4 Ne5 25. fxg6 hxg6 26. Qc2 Qa5 27. Qb3 Neg4 28.
Rf4 Rad8 29. e5 Nxe5 30. Bxc6 Nxc6 31. Bxf6 Rxd1+ 32. Qxd1 Qb6+ 33. Kg2 Qxb2+
0-1

[Event "Olomouc Chess Summer 2016-Open Olomouc"]
[Site "Olomouc"]
[Date "2016.08.16"]
[Round "5.5"]
[White "Olson, Hamish"]
[Black "Chudinovskikh, Alexander M"]
[Result "0-1"]
[WhiteElo "2068"]
[BlackElo "2258"]
[PlyCount "60"]
[EventDate "2016.08.13"]

1. d4 Nf6 2. Nf3 e6 3. c4 c5 4. e3 d5 5. Nc3 a6 6. dxc5 Bxc5 7. a3 O-O 8. b4
Ba7 9. Bb2 Nc6 10. Be2 d4 11. exd4 Nxd4 12. O-O Re8 13. Nxd4 Bxd4 14. Na4 Bxb2
15. Nxb2 a5 16. Qxd8 Rxd8 17. Rfd1 Rxd1+ 18. Rxd1 Kf8 19. b5 Nd7 20. Na4 b6 21.
Rxd7 Bxd7 22. Nxb6 Rd8 23. Kf1 e5 24. c5 Be6 25. c6 Rd2 26. c7 Rc2 27. Bc4 Rxc4
28. Nxc4 Bxc4+ 29. Ke1 Be6 30. b6 Bc8 0-1

[Event "Olomouc Chess Summer 2016-Open Olomouc"]
[Site "Olomouc"]
[Date "2016.08.16"]
[Round "5.7"]
[White "Murchadha, Oissine"]
[Black "Burnett, Andrew"]
[Result "0-1"]
[WhiteElo "2029"]
[BlackElo "2174"]
[PlyCount "52"]
[EventDate "2016.08.13"]

1. e4 c5 2. d4 cxd4 3. c3 d3 4. Qxd3 Nc6 5. g3 g6 6. Bg2 Bg7 7. Ne2 d6 8. Be3
Nf6 9. f4 Bd7 10. Nd2 Qc8 11. h4 b5 12. Nd4 Rb8 13. Rd1 O-O 14. Bf2 b4 15. h5
bxc3 16. bxc3 Rb2 17. hxg6 hxg6 18. g4 Bxg4 19. Nxc6 Qxc6 20. Rc1 Nh5 21. Bg3
e5 22. fxe5 Bh6 23. Rxh5 gxh5 24. Rc2 Rxc2 25. Qxc2 dxe5 26. Bxe5 Qb5 0-1

[Event "Olomouc Chess Summer 2016-Open Olomouc"]
[Site "Olomouc"]
[Date "2016.08.16"]
[Round "5.8"]
[White "Kula, Dominik"]
[Black "Zdrazil, Tomas"]
[Result "1-0"]
[WhiteElo "2132"]
[BlackElo "2036"]
[PlyCount "81"]
[EventDate "2016.08.13"]

1. e4 c5 2. Nf3 d6 3. d4 cxd4 4. Nxd4 Nf6 5. Nc3 a6 6. h3 e5 7. Nde2 Be6 8. g4
d5 9. exd5 Nxd5 10. Bg2 Bb4 11. O-O Bxc3 12. Nxc3 Nxc3 13. Qxd8+ Kxd8 14. bxc3
Nc6 15. Be3 Kc7 16. a4 Rad8 17. a5 Rd7 18. Bb6+ Kc8 19. Rad1 Re8 20. Rxd7 Bxd7
21. Bd5 f5 22. f3 Ne7 23. c4 Ng6 24. Rd1 fxg4 25. Bxb7+ Kxb7 26. Rxd7+ Kc8 27.
Rc7+ Kb8 28. fxg4 Rc8 29. Rxc8+ Kxc8 30. Kf2 Kd7 31. Kf3 Nf4 32. h4 h5 33. Be3
hxg4+ 34. Kxg4 Ne6 35. Kf5 Kd6 36. Ba7 Nf4 37. Bb8+ Ke7 38. Bxe5 Ng2 39. Kg5 g6
40. c5 Kd7 41. Bg3 1-0

[Event "Olomouc Chess Summer 2016-Open Olomouc"]
[Site "Olomouc"]
[Date "2016.08.16"]
[Round "5.9"]
[White "Jedynak, Radoslaw"]
[Black "Arvanitakis, Panagiotis"]
[Result "1-0"]
[WhiteElo "2396"]
[BlackElo "1639"]
[PlyCount "63"]
[EventDate "2016.08.13"]

1. d4 e6 2. e4 d5 3. Nd2 Nf6 4. e5 Ne4 5. Bd3 Nxd2 6. Bxd2 c5 7. c3 Nc6 8. Nf3
Qb6 9. O-O c4 10. Bc2 Qxb2 11. Rc1 Qb6 12. Ng5 Qc7 13. Nxh7 Be7 14. Qh5 Rg8 15.
Bg5 Nd8 16. Bxe7 Qxe7 17. Qg4 Kd7 18. Nf6+ gxf6 19. Qxg8 fxe5 20. dxe5 a6 21.
f4 Nc6 22. f5 Nxe5 23. Rce1 Qc5+ 24. Kh1 Nd3 25. Bxd3 cxd3 26. fxe6+ fxe6 27.
Rxe6 Kc7 28. Qg3+ Kd7 29. Rf7+ Kxe6 30. Qg6+ Ke5 31. Qf6+ Ke4 32. Qf4# 1-0

[Event "Olomouc Chess Summer 2016-Open Olomouc"]
[Site "Olomouc"]
[Date "2016.08.16"]
[Round "5.10"]
[White "Akshay V, Halagannavar"]
[Black "Kvisvik, Brede"]
[Result "0-1"]
[WhiteElo "1909"]
[BlackElo "2330"]
[PlyCount "68"]
[EventDate "2016.08.13"]

1. e4 c5 2. Nf3 d6 3. Bb5+ Nd7 4. c4 Ngf6 5. Nc3 a6 6. Ba4 g6 7. O-O Bg7 8. Bc2
Rb8 9. d4 cxd4 10. Nxd4 O-O 11. f3 Qc7 12. Bb3 e6 13. Kh1 Ne5 14. Qe2 Bd7 15.
Be3 Rfc8 16. Rad1 Nxc4 17. Qxc4 Qxc4 18. Bxc4 Rxc4 19. Nb3 Ne8 20. Bd4 Bxd4 21.
Rxd4 Rxd4 22. Nxd4 b5 23. Rc1 Rc8 24. Nce2 Rxc1+ 25. Nxc1 Kf8 26. Kg1 Ke7 27.
Kf2 e5 28. Nde2 Be6 29. b3 Nc7 30. Nd3 f6 31. Ke3 d5 32. exd5 Nxd5+ 33. Kd2 Kd6
34. Nc3 f5 0-1

[Event "Olomouc Chess Summer 2016-Open seniorù"]
[Site "Olomouc"]
[Date "2016.08.16"]
[Round "5.1"]
[White "Chrenko, Peter"]
[Black "Castellano, Alfonso"]
[Result "1-0"]
[WhiteElo "1818"]
[BlackElo "1949"]
[PlyCount "47"]
[EventDate "2016.08.13"]

1. Nf3 d5 2. g3 Nf6 3. Bg2 c6 4. O-O g6 5. d3 Bg7 6. Nbd2 Nbd7 7. Qe1 e5 8. e4
d4 9. Nc4 Qc7 10. a4 a5 11. Bd2 b6 12. Nh4 O-O 13. f4 Ne8 14. f5 Nd6 15. b3
Nxc4 16. dxc4 Qd8 17. Qc1 Nb8 18. Rf2 Na6 19. Bh6 Re8 20. Bxg7 Kxg7 21. f6+ Kh8
22. Qg5 Nc5 23. Nxg6+ fxg6 24. f7 1-0

[Event "Olomouc Chess Summer 2016-Open seniorù"]
[Site "Olomouc"]
[Date "2016.08.16"]
[Round "5.2"]
[White "Heppell, Ian N"]
[Black "Lacha, Jan"]
[Result "1-0"]
[WhiteElo "2066"]
[BlackElo "1800"]
[PlyCount "55"]
[EventDate "2016.08.13"]

1. e4 e6 2. d4 d5 3. Nc3 Nf6 4. e5 Nfd7 5. f4 c5 6. Nf3 Nc6 7. Be3 a6 8. Qd2 b5
9. g3 b4 10. Ne2 c4 11. Bg2 g6 12. c3 a5 13. g4 Nb6 14. Ng3 Rb8 15. f5 Na4 16.
Qc2 bxc3 17. bxc3 Nxc3 18. O-O Nb5 19. fxg6 hxg6 20. Ng5 Nbxd4 21. Qf2 Nf5 22.
gxf5 gxf5 23. Rad1 Bg7 24. Nxf5 exf5 25. Bxd5 Bxe5 26. Bxc6+ Ke7 27. Rxd8 Rxd8
28. Bc5+ 1-0

[Event "Olomouc Chess Summer 2016-Open seniorù"]
[Site "Olomouc"]
[Date "2016.08.16"]
[Round "5.3"]
[White "Fiala, Jiri"]
[Black "Prachar, Josef"]
[Result "1/2-1/2"]
[WhiteElo "1893"]
[BlackElo "1954"]
[PlyCount "96"]
[EventDate "2016.08.13"]

1. d4 Nf6 2. Nf3 g6 3. c4 Bg7 4. Nc3 d6 5. e4 O-O 6. Be2 Nbd7 7. Bg5 c6 8. h3
h6 9. Be3 a6 10. Qd2 Kh7 11. g4 Ng8 12. h4 e5 13. d5 cxd5 14. Nxd5 Nc5 15. Ng5+
Kh8 16. f3 f6 17. Nh3 f5 18. gxf5 gxf5 19. Ng5 f4 20. Bf2 Nf6 21. Nxf6 Qxf6 22.
O-O-O Ne6 23. Nxe6 Bxe6 24. Qxd6 Rfd8 25. Qb6 Rdc8 26. Rd6 Rc6 27. Rxc6 bxc6
28. Qxc6 Rc8 29. Qa4 Qf7 30. b3 Qb7 31. Rd1 Bf8 32. Kb1 Bb4 33. Be1 Bxe1 34.
Rxe1 Qb6 35. Qa3 Qf2 36. Qc1 Rd8 37. Rd1 Rg8 38. Qd2 Kh7 39. Rf1 Qxh4 40. Qd6
Bh3 41. Rc1 Qf2 42. Rc2 Rg1+ 43. Kb2 Qe1 44. Qe7+ Kg6 45. Qe8+ Kh7 46. Qe7+ Kg6
47. Qe8+ Kh7 48. Qe7+ Kg6 1/2-1/2

[Event "Olomouc Chess Summer 2016-Open seniorù"]
[Site "Olomouc"]
[Date "2016.08.16"]
[Round "5.4"]
[White "Hagara, Vladimir"]
[Black "Vorobyov, Yrij"]
[Result "1/2-1/2"]
[WhiteElo "1849"]
[BlackElo "2160"]
[PlyCount "54"]
[EventDate "2016.08.13"]

1. d4 Nf6 2. c4 c5 3. d5 b5 4. cxb5 a6 5. Nc3 Qa5 6. Bd2 axb5 7. Ne4 Qb6 8.
Nxf6+ exf6 9. e4 Bd6 10. Nf3 O-O 11. Bd3 c4 12. Bc2 Bc5 13. O-O b4 14. Qc1 d6
15. Be3 Bxe3 16. Qxe3 Qxe3 17. fxe3 Nd7 18. Nd4 Ne5 19. h3 Bd7 20. a3 b3 21.
Bd1 Nd3 22. Rb1 Rfe8 23. Be2 Ne5 24. Rfc1 Rac8 25. Rc3 Rc5 26. Rbc1 Rec8 27.
Kf1 g6 1/2-1/2